000
00246nam a2200097Ia 4500
082
_a
DAV
245
0
_a
WHAT'S BRED IN THE BONE
100
_a
DAVIES, Robertson 1985
_9
95190
942
_c
BK
008
210817s9999 xx 000 0 und d
999
_c
393876
_d
393875